Cuba: camino abierto /

Đã lưu trong:
Chi tiết về thư mục
Tác giả chính: Barkin, David
Tác giả khác: Manitzas, Nita R. comp González Aramburo, Francisco trad
Định dạng: Texto
Được phát hành: México, D.F: Siglo XXI
Phiên bản:5
Các nhãn: Thêm thẻ
Không có thẻ, Là người đầu tiên thẻ bản ghi này!

MARC

LEADER 00000 a a2200000 04500
001 22728
003
040 |a CRAI/IIS  |c CRAI/IIS 
020 |a 968-23-0083-5  
090 |a 156100  
100 |a Barkin, David  
245 |a Cuba: camino abierto /  |c David Barkin 
250 |a 5  
260 |a México, D.F:   |b Siglo XXI  
300 |a 342 p   |b **no definido**  
700 |a Manitzas, Nita R.   |a comp   |a González Aramburo, Francisco   |a trad  
999 |c 3626  |d 3626